Pokémon évoluant aux niveaux 7 à 20 - Statistiques

Statistiques générales
  • Ce quiz a été pris 185 fois
    84 depuis la dernière actualisation
  • Le résultat moyen est 61 sur 94
Statistiques - réponses
Niveaux Méthodes spécifiques Pokémon % Correct
Niveau 7 Chrysacier
100%
Coconfort
98%
Selon valeur interne personnelle Armulys
93%
Selon valeur interne personnelle Blindalys
93%
Crocrodil
88%
Niveau 14 Feurisson
88%
Niveau 17 uniquement dans LPA Feurisson
88%
Carabaffe
85%
Niveau 16 Herbizarre
85%
Niveau 10 Papilusion
85%
Niveau 20 Rattatac
85%
Reptincel
85%
si femelle Cheniselle
83%
Dardargnan
83%
Flobio
83%
Lianaja
83%
Linéon
83%
Macronium
83%
Massko
83%
Mateloutre
83%
Niveau 18 Roucoups
83%
Boskara
80%
Chimpenfeu
80%
Étourvol
80%
Galifeu
80%
Grotichon
80%
Prinplouf
80%
Niveau 15 Fouinar
78%
si mâle Papilord
78%
Croâporal
76%
si emplacement libre dans l'équipe Munja
76%
Ninjask
76%
Papinox
76%
Castorno
73%
Charmillon
73%
Matoufeu
73%
Niveau 9 Pérégrain
73%
Ponchien
73%
Roussil
73%
Badabouin
71%
Boguérisse
71%
Couverdure
71%
Efflèche
71%
Otarlette
71%
Rapasdepic
71%
de jour Argouste
68%
Canarbello
68%
Chrysapile
68%
Coléodôme
68%
Kirlia
68%
Lapyro
68%
Noarfang
68%
Niveau 12 Prismillon
68%
Coxyclaque
66%
Crocogril
66%
Matourgeon
66%
Arrozard
63%
Attaque et Défense identiques Kapoera
63%
Attaque > Défense Kicklee
63%
Luxio
63%
Attaque < Défense Tygnon
63%
Bleuseille
61%
Ramboum
61%
Braisillon
59%
Grahyèna
59%
Léviator
59%
Lombre
59%
Pifeuil
59%
Floravol
56%
Lainergie
56%
Mélokrik
56%
Miradar
56%
Piclairon
56%
Excavarenne
54%
Vigoroth
54%
Fragroin
49%
Léopardus
49%
Nidorina
49%
Nidorino
49%
Filentrappe
46%
de nuit Rattatac d'Alola
44%
Azumarill
37%
Pohmotte
37%
Kadabra
34%
Maraiste
34%
Roublenard
32%
Candine
27%
Niveau 19 Floette
24%
Linéon de Galar
20%
Terraiste
20%
Blancoton
17%
Qulbutoké
17%
Métang
10%
Wagomine
10%
Aucun quiz correspondant
Distribution des résultats
% des personnes avec chaque résultat
Percentile par nombre de réponses
Votre historique - résultats
Vous n’avez pas pris ce quiz depuis la dernière actualisation